Buddhism in Chinese history (Record no. 1083235)

MARC details
000 -LEADER
fixed length control field 00892nam a2200301Ia 4500
003 - CONTROL NUMBER IDENTIFIER
control field OSt
005 - DATE AND TIME OF LATEST TRANSACTION
control field 20221006145525.0
008 - FIXED-LENGTH DATA ELEMENTS--GENERAL INFORMATION
fixed length control field 221006b |||||||| |||| 00| 0 eng d
020 ## - INTERNATIONAL STANDARD BOOK NUMBER
International Standard Book Number 0804705488
-- .75 (each)
020 ## - INTERNATIONAL STANDARD BOOK NUMBER
International Standard Book Number 9780804705486
037 ## - SOURCE OF ACQUISITION
Terms of availability Textual
040 ## - CATALOGING SOURCE
Original cataloging agency EASL
Transcribing agency EASL
Language of cataloging eng
041 ## - LANGUAGE CODE
Source of code eng
Language code of text/sound track or separate title eng
100 ## - MAIN ENTRY--PERSONAL NAME
Personal name WRIGHT Arthur F
9 (RLIN) 650841
245 #0 - TITLE STATEMENT
Title Buddhism in Chinese history
260 ## - PUBLICATION, DISTRIBUTION, ETC.
Place of publication, distribution, etc. London
Name of publisher, distributor, etc. Standford University
Date of publication, distribution, etc. 1959
300 ## - PHYSICAL DESCRIPTION
Extent 144p.
Dimensions cm.
490 ## - SERIES STATEMENT
Volume/sequential designation RS
Series statement Stanford Studies in the Civilizations of Eastern Asia
650 ## - SUBJECT ADDED ENTRY--TOPICAL TERM
Topical term or geographic name entry element CEL
650 ## - SUBJECT ADDED ENTRY--TOPICAL TERM
Topical term or geographic name entry element Legacy of Buddhism iin China
9 (RLIN) 654654
650 ## - SUBJECT ADDED ENTRY--TOPICAL TERM
Topical term or geographic name entry element Thought and society of Han China
9 (RLIN) 654655
942 ## - ADDED ENTRY ELEMENTS (KOHA)
Classification part Q841-4vN1, J9;1
Koha item type Textual
Source of classification or shelving scheme Colon Classification (CC)

No items available.

Copyright @ Delhi University Library System